banner-ar

الاربعائيون : مجلة دورية تعنى بالادب الحديث / (Record no. 47543)

MARC details
000 -الفاتح
حقل البيانات ثابتة الطول 00514nam a2200169Ia 4500
008 - عناصر البيانات ثابتة الطول - معلومات عامة
حقل البيانات ثابتة الطول 140319s9999 xx 000 0 ara d
040 ## - مصدر الفهرسة
وكالة الفهرسة الأصلية GCL /
وكالة النسخ GCL
082 04 - رقم تصنيف ديوى العشرى
رقم التصنيف 810.5
رقم المادة ح أ
100 1# - المدخل الرئيسى - إسم شخصى
الإسم الشخصى عبدالعظيم ناجى
245 10 - بيان العنوان
العنوان الاربعائيون : مجلة دورية تعنى بالادب الحديث /
بيان المسئوليه,etc عبدالعظيم ناجى
700 1# - المدخل الاضافى - اسم شخصى
الإسم الشخصى ناصر فرغلى
700 1# - المدخل الاضافى - اسم شخصى
الإسم الشخصى حميدة عبداللة حميدة
700 1# - المدخل الاضافى - اسم شخصى
الإسم الشخصى مهاب نصر
300 ## - الوصف المادى
التعداد 195 ص
490 ## - بيان السلسلة
عنوان السلسلة
Holdings
حالة التراجع حالة الفقد حالة تلف ليس للاعارة المكان المؤقت الموقع الحالى تاريخ الاكتساب اجمالي اﻻعارات رقم الطلب الباركود تاريخ اخر مشاهدة تاريخ تفعيل السعر نوع وعاء كوها
        مكتبة القاهرة الكبرى مكتبة القاهرة الكبرى 03/26/2014   810.5\ح أ 114791 03/26/2014 03/26/2014 كتاب
        مكتبة القاهرة الكبرى مكتبة القاهرة الكبرى 03/26/2014   810.5\ح أ 114792 03/26/2014 03/26/2014 كتاب
        مكتبة القاهرة الكبرى مكتبة القاهرة الكبرى 03/26/2014   810.5\ح أ 114793 03/26/2014 03/26/2014 كتاب
        مكتبة القاهرة الكبرى مكتبة القاهرة الكبرى 03/26/2014   810.5\ح أ 114794 03/26/2014 03/26/2014 كتاب
        مكتبة القاهرة الكبرى مكتبة القاهرة الكبرى 03/26/2014   810.5\ح أ 114795 03/26/2014 03/26/2014 كتاب

Powered By

EGPV